<?xml version="1.0" encoding="UTF-8"?>
<collection xmlns="http://www.loc.gov/MARC21/slim">
<record>
  <controlfield tag="001">131288</controlfield>
  <controlfield tag="005">20240207154753.0</controlfield>
  <datafield tag="024" ind1="8" ind2=" ">
    <subfield code="2">sideral</subfield>
    <subfield code="a">136818</subfield>
  </datafield>
  <datafield tag="037" ind1=" " ind2=" ">
    <subfield code="a">ART-2013-136818</subfield>
  </datafield>
  <datafield tag="041" ind1=" " ind2=" ">
    <subfield code="a">spa</subfield>
  </datafield>
  <datafield tag="100" ind1=" " ind2=" ">
    <subfield code="a">Santillán Santa Cruz, Romina Viviana</subfield>
    <subfield code="0">(orcid)0000-0003-1748-6062</subfield>
  </datafield>
  <datafield tag="245" ind1=" " ind2=" ">
    <subfield code="a">Interpretación en contexto: ¿Un nuevo criterio de hermenéutica jurídica?</subfield>
  </datafield>
  <datafield tag="260" ind1=" " ind2=" ">
    <subfield code="c">2013</subfield>
  </datafield>
  <datafield tag="520" ind1="3" ind2=" ">
    <subfield code="a">En el presente trabajo la autora esboza un significado de «interpretación en contexto», descartando que se trate de un nuevo criterio interpretativo del Derecho, así como rechazando que el término contexto se encuentre restringido, únicamente, al criterio sistemático, tal como pretende la doctrina mayoritaria con base en la legislación civil española. Esta postura es sostenida a partir de la comprensión del amplio significado que guarda tal expresión, misma que permite afirmar que «interpretar en contexto» implicará no sólo interpretar sistemáticamente un texto legal, sino también hacerlo mediante la aplicación de los otros criterios hermenéuticos, es decir, de acuerdo con el sentido propio de las palabras de la disposición legal (criterio literal y teleológico), de acuerdo con el contexto en que aquélla hubiese sido dada (criterio histórico), así como en correlato con la realidad social en la que pretende ser aplicada (criterio sociológico), entre otros, según sea el caso.</subfield>
  </datafield>
  <datafield tag="506" ind1="0" ind2=" ">
    <subfield code="a">Access copy available to the general public</subfield>
    <subfield code="f">Unrestricted</subfield>
  </datafield>
  <datafield tag="540" ind1=" " ind2=" ">
    <subfield code="9">info:eu-repo/semantics/openAccess</subfield>
    <subfield code="a">by-nc-sa</subfield>
    <subfield code="u">http://creativecommons.org/licenses/by-nc-sa/3.0/es/</subfield>
  </datafield>
  <datafield tag="655" ind1=" " ind2="4">
    <subfield code="a">info:eu-repo/semantics/article</subfield>
    <subfield code="v">info:eu-repo/semantics/publishedVersion</subfield>
  </datafield>
  <datafield tag="773" ind1=" " ind2=" ">
    <subfield code="g">6 (2013), 22-37</subfield>
    <subfield code="p">IUS</subfield>
    <subfield code="t">IUS. Revista de investigación de la Facultad de Derecho</subfield>
    <subfield code="x">2222-9655</subfield>
  </datafield>
  <datafield tag="856" ind1="4" ind2="1">
    <subfield code="u">https://app.vlex.com/#vid/488378610</subfield>
    <subfield code="z">Texto completo de la revista</subfield>
  </datafield>
  <datafield tag="856" ind1="4" ind2=" ">
    <subfield code="s">352092</subfield>
    <subfield code="u">http://zaguan.unizar.es/record/131288/files/texto_completo.pdf</subfield>
    <subfield code="y">Versión publicada</subfield>
  </datafield>
  <datafield tag="856" ind1="4" ind2=" ">
    <subfield code="s">1521951</subfield>
    <subfield code="u">http://zaguan.unizar.es/record/131288/files/texto_completo.jpg?subformat=icon</subfield>
    <subfield code="x">icon</subfield>
    <subfield code="y">Versión publicada</subfield>
  </datafield>
  <datafield tag="909" ind1="C" ind2="O">
    <subfield code="o">oai:zaguan.unizar.es:131288</subfield>
    <subfield code="p">articulos</subfield>
    <subfield code="p">driver</subfield>
  </datafield>
  <datafield tag="951" ind1=" " ind2=" ">
    <subfield code="a">2024-02-07-14:37:08</subfield>
  </datafield>
  <datafield tag="980" ind1=" " ind2=" ">
    <subfield code="a">ARTICLE</subfield>
  </datafield>
</record>
</collection>